00689nam a2200205 i 450000100060000000300090000600500170001500700030003200800410003510000280007624500730010426000390017730000210021649000210023770000250025883000290028385200320031299900170034495201220036152714ES-MaACL20230906162631.0t|030903s1971 sp ||||1| spa d1 aDebray, Régis.94313110aTiempo, política / cRégis Debray ; [traducción, Carmen Oiza]. aBarcelona : bA. Redondo, c[1971] a99 p. ; c18 cm.1 aColección Beta1 aOiza, Carmen.9865980 aColección Beta9182347 aES-MaACLjC-42055 bR.78545 c52714d52714 00104070aATENEOMbATENEOMcDEPO2d2008-01-17eSCl0oC-42055p1055403r2023-02-23 00:00:00w2023-02-23yMONOGRAFIA